00331nam a22001217a 4500020000800000040001600008082001500024100001900039245008100058250001100139260003300150300002600183 qPB. cFIZZA ISHAQ a741.6bHEL aHELLER,STEVEN. aDesign Literacy (continued): Understanding Graphic Design /cHeller, Steven. a(N.ED) a Allworth:bNew York,c1999. a296 c10X6.75X0.73 in